| 000 | 00790cam a2200205 4500 | ||
|---|---|---|---|
| 001 | ABS62311 | ||
| 008 | 000000n2000 000 0 eng u | ||
| 035 | _a(Sirsi) u106343 | ||
| 245 | _aCall centres and serviced offices | ||
| 260 | _c2000 | ||
| 490 |
_aProperty Week _v65(2) 2 June 2000, 40-58(7) |
||
| 520 | _aLooks at working conditions for employees of call centres including health and safety issues subject to a Health and Safety investigation, opportunities for venture capitalists concluding with case studies of established serviced offices. | ||
| 590 | _aABS | ||
| 650 | _aSERVICED OFFICES | ||
| 650 | _aCALL CENTRES | ||
| 650 |
_aHEALTH AND SAFETY _96244 |
||
| 650 | _aVENTURE CAPITAL | ||
| 690 | _aPROPERTY-COMMERCIAL PROPERTY-COMMERCIAL PROPERTY MARKET | ||
| 942 | _n0 | ||
| 999 |
_c63692 _d63692 |
||